[Event "IX Festival de Semana Santa.  Sub 2300"]
[Site "Mondariz Balneario, Pontevedr"]
[Date "2012.03.31"]
[Round "1.1"]
[White "Gomez Jurado, Luis Alberto"]
[Black "Saez Gabikagogeaskoa, Oscar"]
[Result "1-0"]
[WhiteElo "2266"]
[BlackElo "1998"]
[PlyCount "43"]
[EventDate "2012.03.31"]

1. c4 Nf6 2. g3 c5 3. Bg2 Nc6 4. Nc3 e5 5. a3 Be7 6. Rb1 O-O 7. d3 Rb8 8. Nd5
Nxd5 9. cxd5 Nd4 10. e3 Nb5 11. Ne2 d6 12. O-O Bg5 13. f4 exf4 14. gxf4 Bh4 15.
f5 Bf6 16. Ng3 Nc7 17. Nh5 Be5 18. d4 cxd4 19. exd4 Bf6 20. Qg4 Nb5 21. Bh6
Bxd4+ 22. Kh1 1-0

[Event "IX Festival de Semana Santa.  Sub 2300"]
[Site "Mondariz Balneario, Pontevedra"]
[Date "2012.03.31"]
[Round "1.2"]
[White "Ruiz Abad, Juan Manuel"]
[Black "Outerelo Ucha, Manuel"]
[Result "0-1"]
[WhiteElo "1980"]
[BlackElo "2197"]
[PlyCount "66"]
[EventDate "2012.03.31"]

1. e4 e5 2. Nf3 Nc6 3. Bb5 f5 4. Nc3 Nf6 5. Qe2 fxe4 6. Nxe4 d5 7. Nxf6+ gxf6
8. d4 Bg7 9. dxe5 O-O 10. Bxc6 bxc6 11. e6 Re8 12. Be3 c5 13. O-O-O d4 14. c3
Qd5 15. cxd4 Bxe6 16. b3 Qb7 17. dxc5 Qb4 18. Qd2 Qa3+ 19. Qb2 Qa6 20. Qc2 Qa3+
21. Kb1 Bf7 22. Bc1 Qa6 23. Ka1 Rab8 24. Qd3 Qa5 25. Qd2 Qa6 26. Qd3 Qa5 27.
Nd4 Qxc5 28. Bb2 Bg6 29. Qc4+ Qxc4 30. bxc4 c5 31. Nb3 Re2 32. Rhf1 a5 33. Ba3
a4 0-1

[Event "IX Festival de Semana Santa.  Sub 2300"]
[Site "Mondariz Balneario, Pontevedra"]
[Date "2012.03.31"]
[Round "1.3"]
[White "Martin Duque, Jesus"]
[Black "Lopez Heras, Arturo"]
[Result "1-0"]
[WhiteElo "2176"]
[BlackElo "1882"]
[PlyCount "55"]
[EventDate "2012.03.31"]

1. e4 e5 2. Nf3 Nc6 3. Bc4 Bc5 4. c3 Nf6 5. d3 O-O 6. Bb3 d5 7. Qe2 Bg4 8. h3
Bh5 9. Bg5 dxe4 10. dxe4 h6 11. Bh4 Qe7 12. g4 Bg6 13. Nbd2 a5 14. O-O-O a4 15.
Bc2 Rfb8 16. Bxf6 Qxf6 17. h4 Qe6 18. h5 Qxa2 19. Bb1 Qa1 20. hxg6 a3 21. gxf7+
Kf8 22. Nb3 axb2+ 23. Qxb2 Qa7 24. Nxc5 Qxc5 25. Rd5 Qe7 26. Rh5 Ra6 27. Nxe5
Rb6 28. Ng6+ 1-0

[Event "IX Festival de Semana Santa.  Sub 2300"]
[Site "Mondariz Balneario, Pontevedra"]
[Date "2012.03.31"]
[Round "1.4"]
[White "Escalante Ortega, Fernando"]
[Black "Rodriguez Boado, Martin"]
[Result "0-1"]
[WhiteElo "1873"]
[BlackElo "2170"]
[PlyCount "114"]
[EventDate "2012.03.31"]

1. e4 Nf6 2. Nc3 d5 3. e5 Nfd7 4. d4 c5 5. dxc5 e6 6. Nf3 Nc6 7. Bf4 Bxc5 8.
Bd3 Qb6 9. O-O h6 10. Bg3 Be7 11. Qe2 Nc5 12. a3 Bd7 13. b4 Nxd3 14. cxd3 O-O
15. Rfd1 Nd4 16. Qe3 Nc2 17. Qxb6 axb6 18. Ra2 Nxa3 19. Rda1 Bxb4 20. Nb1 Rfc8
21. Nxa3 Rxa3 22. Rxa3 Bxa3 23. Bf4 Rc3 24. d4 b5 25. h4 b4 26. Ne1 Rc4 27. Be3
Ba4 28. Nd3 Bc2 29. Ne1 Bf5 30. Kf1 Bb2 31. Ra7 Rc7 32. f3 h5 33. Ke2 b3 34.
Ra5 Bc2 35. Rb5 Ba3 36. Nxc2 bxc2 37. Ra5 c1=Q 38. Bxc1 Bxc1 39. Kd3 Bf4 40.
Ra1 Bg3 41. Rh1 b5 42. Rh3 Bf2 43. f4 Rc4 44. Rf3 Bxd4 45. Kd2 b4 46. Rb3 Bc3+
47. Ke3 Re4+ 48. Kf3 Rd4 49. g3 Rd3+ 50. Kg2 d4 51. Rb1 Rd2+ 52. Kf3 Rb2 53.
Rd1 b3 54. g4 hxg4+ 55. Kxg4 Rc2 56. f5 b2 57. f6 Rc1 0-1

[Event "IX Festival de Semana Santa.  Sub 2300"]
[Site "Mondariz Balneario, Pontevedra"]
[Date "2012.03.31"]
[Round "1.5"]
[White "Asensio Linan, Teodoro"]
[Black "Fernandez Andrade, Antonio"]
[Result "1-0"]
[WhiteElo "2169"]
[BlackElo "1844"]
[PlyCount "79"]
[EventDate "2012.03.31"]

1. e4 g6 2. d4 Bg7 3. Nc3 c5 4. dxc5 Bxc3+ 5. bxc3 Qa5 6. Qd4 Nf6 7. Qb4 Qxb4
8. cxb4 Nxe4 9. Bd3 d5 10. Ne2 O-O 11. O-O Nc6 12. a3 Ne5 13. Bb2 Nc4 14. Bxc4
dxc4 15. Rad1 Bf5 16. f3 Ng5 17. Rd2 Rad8 18. Rfd1 Ne6 19. Nc3 Rxd2 20. Rxd2
Rd8 21. Rxd8+ Nxd8 22. Nd5 Bxc2 23. Nxe7+ Kf8 24. Nc8 a6 25. Kf2 Ba4 26. Ke3
Ne6 27. Nd6 Bc6 28. Nxc4 Nc7 29. Be5 Nd5+ 30. Kd4 f6 31. Bd6+ Kf7 32. Na5 Ke6
33. Nc4 Bb5 34. Nd2 Ba4 35. f4 a5 36. bxa5 f5 37. Nf3 h6 38. g3 Nf6 39. Bf8 Ng8
40. Ne5 1-0

[Event "IX Festival de Semana Santa.  Sub 2300"]
[Site "Mondariz Balneario, Pontevedra"]
[Date "2012.03.31"]
[Round "1.6"]
[White "Martinez Colomar, Alejandro"]
[Black "Clemente Llamero, Roberto"]
[Result "0-1"]
[WhiteElo "1831"]
[BlackElo "2146"]
[PlyCount "96"]
[EventDate "2012.03.31"]

1. c4 e6 2. Nc3 d5 3. cxd5 exd5 4. d4 c6 5. Nf3 Nf6 6. Bg5 Be7 7. e3 Bf5 8. Be2
O-O 9. O-O Nbd7 10. Rc1 h6 11. Bf4 Bh7 12. Qb3 Qb6 13. Qxb6 axb6 14. Ne5 b5 15.
Nxd7 Nxd7 16. Nxd5 cxd5 17. Rc7 Rfd8 18. Bxb5 Bf5 19. Rxb7 Bf8 20. a4 Nf6 21.
h3 Bc8 22. Rb6 Bd7 23. Rc1 Bxb5 24. axb5 Ne8 25. Rbc6 Bd6 26. Bxd6 Nxd6 27. b6
Rab8 28. R1c5 Ne4 29. Rc2 Nd6 30. R2c5 Nc4 31. b3 Nxb6 32. Rb5 Na8 33. Rxb8
Rxb8 34. Kf1 Kh7 35. Ke2 Rxb3 36. Kf3 Rb2 37. Ra6 Nb6 38. Ra7 f6 39. Rb7 Kg6
40. h4 h5 41. Kg3 Nc4 42. Rd7 Nd2 43. Rxd5 Ne4+ 44. Kf3 f5 45. Kf4 Rxf2+ 46.
Ke5 Rxg2 47. Ra5 Rg4 48. Ra6+ Nf6 0-1

[Event "IX Festival de Semana Santa.  Sub 2300"]
[Site "Mondariz Balneario, Pontevedra"]
[Date "2012.03.31"]
[Round "1.7"]
[White "Alonso Martinez, Tomas"]
[Black "Blanco Dans, Manuel"]
[Result "1-0"]
[WhiteElo "2135"]
[BlackElo "1797"]
[PlyCount "41"]
[EventDate "2012.03.31"]

1. e4 Nf6 2. e5 Nd5 3. Nc3 Nxc3 4. dxc3 Nc6 5. Bf4 e6 6. Nf3 Be7 7. Bd3 d6 8.
Qe2 dxe5 9. Nxe5 Bf6 10. Nxc6 bxc6 11. O-O-O Qe7 12. Qe4 Bb7 13. Ba6 Bxa6 14.
Qxc6+ Kf8 15. Qxa8+ Qe8 16. Qxa7 g5 17. Qc5+ Be7 18. Qd4 Rg8 19. Bxc7 Qc6 20.
Bd6 g4 21. Qb4 1-0

[Event "IX Festival de Semana Santa.  Sub 2300"]
[Site "Mondariz Balneario, Pontevedra"]
[Date "2012.03.31"]
[Round "1.8"]
[White "Ballesteros Galvez, Daniel"]
[Black "Teijeiro Barros, Alberto"]
[Result "0-1"]
[WhiteElo "1722"]
[BlackElo "2111"]
[PlyCount "60"]
[EventDate "2012.03.31"]

1. e4 c6 2. d4 d5 3. Nc3 dxe4 4. Nxe4 Nd7 5. Nf3 Ngf6 6. Nxf6+ Nxf6 7. Be2 Bf5
8. O-O e6 9. Bg5 Be7 10. c3 h6 11. Bxf6 Bxf6 12. Re1 O-O 13. Bd3 Bxd3 14. Qxd3
c5 15. Rad1 cxd4 16. Nxd4 Qb6 17. Qc2 Rfe8 18. Nf3 Rad8 19. h3 g6 20. Nd2 Qc6
21. Ne4 Bg7 22. Rd3 Kh7 23. Qd2 Rxd3 24. Qxd3 Qb6 25. Qc2 Rd8 26. Re2 f5 27.
Ng3 e5 28. Rd2 e4 29. Rxd8 Qxd8 30. Ne2 Qd3 0-1

[Event "IX Festival de Semana Santa.  Sub 2300"]
[Site "Mondariz Balneario, Pontevedra"]
[Date "2012.03.31"]
[Round "1.9"]
[White "Draghici Flutur, Gavril"]
[Black "Arranz Fraile, Javier"]
[Result "1-0"]
[WhiteElo "2106"]
[BlackElo "1669"]
[PlyCount "95"]
[EventDate "2012.03.31"]

1. e4 d5 2. exd5 Qxd5 3. Nc3 Qd6 4. d4 Nf6 5. g3 Bf5 6. Bg2 c6 7. Bf4 Qb4 8.
Nge2 Nbd7 9. O-O Nb6 10. b3 Nbd5 11. Nxd5 Nxd5 12. Bd2 Qb6 13. c4 Nf6 14. Be3
Qa5 15. Re1 e6 16. a3 Be7 17. b4 Qa6 18. Qb3 O-O 19. Nc3 Rac8 20. a4 Qb6 21. b5
Ng4 22. a5 Qd8 23. a6 Nxe3 24. fxe3 bxa6 25. Rxa6 cxb5 26. Nxb5 Rb8 27. Rxa7
Bf6 28. Rea1 e5 29. d5 e4 30. R1a6 Be5 31. c5 Rxb5 32. Qxb5 Qxd5 33. Qf1 Be6
34. Qc1 g6 35. Qc2 Bf5 36. Bf1 Rd8 37. c6 Qd2 38. Qxd2 Rxd2 39. Ra2 Rd1 40. Kf2
Rc1 41. Bb5 Be6 42. Rd2 Rc5 43. Ba4 Kg7 44. Rc2 Bd6 45. Rxc5 Bxc5 46. Rb7 Bd5
47. Rb8 Be6 48. c7 1-0

[Event "IX Festival de Semana Santa.  Sub 2300"]
[Site "Mondariz Balneario, Pontevedra"]
[Date "2012.03.31"]
[Round "1.10"]
[White "Dominguez Certal, Dario"]
[Black "Madurga Lopez, Ignacio"]
[Result "0-1"]
[WhiteElo "1520"]
[BlackElo "2073"]
[PlyCount "46"]
[EventDate "2012.03.31"]

1. d4 Nf6 2. c4 g6 3. Nc3 Bg7 4. e4 d6 5. Nf3 O-O 6. Be2 e5 7. d5 a5 8. O-O Na6
9. Bg5 h6 10. Bd2 Nc5 11. Qc2 Ne8 12. Na4 Nxa4 13. Qxa4 f5 14. exf5 gxf5 15.
Bc3 Nf6 16. b3 Ne4 17. Bb2 Nc5 18. Qa3 f4 19. b4 Ne4 20. Rad1 Bg4 21. Bd3 axb4
22. Qb3 Nc5 23. Qxb4 e4 0-1

[Event "IX Festival de Semana Santa.  Sub 2300"]
[Site "Mondariz Balneario, Pontevedra"]
[Date "2012.03.31"]
[Round "1.11"]
[White "De Sousa Da Silva, Armando"]
[Black "Lago Carballo, Carmen"]
[Result "1-0"]
[WhiteElo "2044"]
[BlackElo "1453"]
[PlyCount "73"]
[EventDate "2012.03.31"]

1. f4 d5 2. Nf3 Bf5 3. e3 e6 4. b3 Nf6 5. Bb2 Be7 6. Bb5+ c6 7. Be2 O-O 8. O-O
c5 9. Nh4 Bg6 10. Nxg6 hxg6 11. d3 Nh7 12. Nd2 Bf6 13. c3 Nc6 14. d4 cxd4 15.
exd4 a6 16. Bd3 b5 17. a3 Be7 18. Qe2 Nf6 19. Bxg6 Nxd4 20. Bxf7+ Rxf7 21. cxd4
Qd7 22. Rae1 Rc8 23. Qxe6 Qxe6 24. Rxe6 Rc2 25. Bc1 Bxa3 26. Bxa3 Rxd2 27. Bc5
Ne4 28. Rxa6 Nc3 29. g3 Ne2+ 30. Kh1 Nxd4 31. b4 Rd7 32. f5 Rf7 33. Ra8+ Kh7
34. g4 Ne2 35. Rf3 Rd1+ 36. Kg2 Rd2 37. Rh3# 1-0

[Event "IX Festival de Semana Santa.  Sub 2300"]
[Site "Mondariz Balneario, Pontevedra"]
[Date "2012.03.31"]
[Round "1.12"]
[White "Rodriguez Sanchez, Jacinto"]
[Black "Ruiz Martinez, Isidro"]
[Result "0-1"]
[WhiteElo "1234"]
[BlackElo "2016"]
[PlyCount "82"]
[EventDate "2012.03.31"]

1. e4 g6 2. d4 Bg7 3. Nf3 d6 4. Bf4 c5 5. c3 Qb6 6. Qc2 cxd4 7. cxd4 Nc6 8. Be3
Bd7 9. Nbd2 Nxd4 10. Nxd4 Bxd4 11. Nc4 Qc5 12. Rd1 Bxe3 13. fxe3 Nf6 14. e5
dxe5 15. Nd6+ exd6 16. Qxc5 dxc5 17. Bc4 Be6 18. Bb5+ Ke7 19. O-O Nd5 20. Rde1
a6 21. Bd3 b5 22. Be4 f5 23. Bxd5 Bxd5 24. Rd1 Rhd8 25. Rfe1 Be6 26. Rc1 Rac8
27. e4 f4 28. Re2 Bxa2 29. Rec2 c4 30. Rc3 Bb3 31. Rh3 h5 32. Rcc3 Rd1+ 33. Kf2
Rd2+ 34. Ke1 Rxg2 35. Kf1 Rxb2 36. Rc1 Rd8 37. Ke1 Rdd2 38. Rh4 Rxh2 39. Rxh2
Rxh2 40. Kf1 Rh1+ 41. Ke2 Rxc1 0-1

[Event "IX Festival de Semana Santa.  Sub 2300"]
[Site "Mondariz Balneario, Pontevedra"]
[Date "2012.04.01"]
[Round "2.3"]
[White "Madurga Lopez, Ignacio"]
[Black "Martin Duque, Jesus"]
[Result "0-1"]
[WhiteElo "2073"]
[BlackElo "2176"]
[PlyCount "70"]
[EventDate "2012.03.31"]

1. e4 g6 2. d4 Bg7 3. Nc3 c6 4. Bc4 b5 5. Bb3 b4 6. Nce2 d6 7. a3 Nf6 8. f3
bxa3 9. Rxa3 Nbd7 10. Be3 Nb6 11. Qd2 Qc7 12. Nf4 Nfd7 13. c3 e5 14. dxe5 Nxe5
15. Qe2 Bb7 16. Ngh3 a5 17. Nf2 Ba6 18. Bxb6 Qxb6 19. Qd2 Bc4 20. Ba4 O-O 21.
b3 Ba6 22. Ne2 f5 23. c4 fxe4 24. Nxe4 d5 25. cxd5 cxd5 26. Nf2 Rad8 27. O-O
Rxf3 28. Qd4 Qd6 29. Ra2 Nd3 30. Qg4 Rxf2 31. Rxf2 Nxf2 32. Kxf2 Qc5+ 33. Ke1
Rf8 34. Qg3 Qb4+ 35. Rd2 Bh6 0-1

[Event "IX Festival de Semana Santa.  Sub 2300"]
[Site "Mondariz Balneario, Pontevedra"]
[Date "2012.04.01"]
[Round "2.4"]
[White "Rodriguez Boado, Martin"]
[Black "De Sousa Da Silva, Armando"]
[Result "1-0"]
[WhiteElo "2170"]
[BlackElo "2044"]
[PlyCount "127"]
[EventDate "2012.03.31"]

1. e4 c5 2. Nf3 d6 3. Bc4 Nc6 4. d3 Nf6 5. h3 e6 6. a3 Be7 7. O-O O-O 8. Re1 a6
9. Bf4 e5 10. Bh2 Be6 11. c3 Bxc4 12. dxc4 Nd7 13. Qd3 Qc7 14. Nbd2 Nd8 15. Nf1
Ne6 16. Ne3 Nb6 17. Rad1 Rfd8 18. Rd2 g6 19. Red1 Ng7 20. b3 Rf8 21. a4 a5 22.
Bg3 Nh5 23. Bh4 Nf4 24. Qf1 f6 25. Ne1 Qc6 26. f3 Rf7 27. N1c2 Bf8 28. Na3 Re8
29. Nb5 Nc8 30. g3 Nh5 31. g4 Bh6 32. Bf2 Nf4 33. Nxd6 Nxd6 34. Rxd6 Qc7 35.
Kh2 Bf8 36. R6d2 Qb6 37. Rb1 Qc6 38. Nd5 f5 39. Re1 fxg4 40. hxg4 Ne6 41. Be3
Kh8 42. Qh3 Nc7 43. Kg2 Nxd5 44. Rxd5 Qb6 45. Rb1 Rd8 46. Qg3 Rxd5 47. cxd5 Bd6
48. b4 Kg8 49. Qe1 axb4 50. cxb4 Qc7 51. Rc1 c4 52. Qc3 Qd7 53. b5 h5 54. g5
Rxf3 55. Kxf3 Qg4+ 56. Kf2 h4 57. Qxc4 Qg3+ 58. Ke2 Qg2+ 59. Kd3 h3 60. Qc8+
Bf8 61. Qe6+ Kh8 62. Qf7 Bc5 63. Rxc5 Qf1+ 64. Qxf1 1-0

[Event "IX Festival de Semana Santa.  Sub 2300"]
[Site "Mondariz Balneario, Pontevedra"]
[Date "2012.04.01"]
[Round "2.5"]
[White "Ruiz Martinez, Isidro"]
[Black "Asensio Linan, Teodoro"]
[Result "0-1"]
[WhiteElo "2016"]
[BlackElo "2169"]
[PlyCount "60"]
[EventDate "2012.03.31"]

1. e4 c5 2. Nf3 Nc6 3. d4 cxd4 4. Nxd4 g6 5. Nxc6 bxc6 6. Qd4 f6 7. Bc4 Nh6 8.
O-O Nf7 9. Be3 Bg7 10. Bxf7+ Kxf7 11. Qc4+ e6 12. f4 a5 13. Rf3 d5 14. Qxc6 Ra6
15. Qb5 dxe4 16. Rf1 Rd6 17. Re1 Qc7 18. Nd2 Ba6 19. Qa4 f5 20. c3 Rb8 21. Nb3
Rd5 22. Rad1 Bd3 23. Rd2 Rbd8 24. Red1 g5 25. g3 gxf4 26. gxf4 Bh6 27. c4 Bxf4
28. Bxf4 Qxf4 29. Rg2 Bxc4 30. Rxd5 Qf1# 0-1

[Event "IX Festival de Semana Santa.  Sub 2300"]
[Site "Mondariz Balneario, Pontevedra"]
[Date "2012.04.01"]
[Round "2.6"]
[White "Clemente Llamero, Roberto"]
[Black "Fernandez De Armas, Luis"]
[Result "0-1"]
[WhiteElo "2146"]
[BlackElo "2006"]
[PlyCount "98"]
[EventDate "2012.03.31"]

1. e4 d6 2. d4 Nf6 3. Nc3 Nbd7 4. Nf3 e5 5. Bc4 Be7 6. O-O O-O 7. Re1 c6 8. a4
Qc7 9. h3 b6 10. b3 Bb7 11. Bb2 a6 12. dxe5 dxe5 13. Qd2 h6 14. Nh4 Rfe8 15.
Nf5 Bf8 16. Rad1 b5 17. Bf1 Nc5 18. axb5 axb5 19. f3 Ne6 20. Kh2 Nd4 21. Ne2
Nxf5 22. exf5 Rad8 23. Qc1 e4+ 24. f4 Nd5 25. g3 Bc5 26. Bd4 Bxd4 27. Rxd4 c5
28. Rdd1 Qc6 29. Bg2 Qf6 30. c4 bxc4 31. Qxc4 Ne3 32. Rxd8 Rxd8 33. Qxc5 Nxg2
34. Kxg2 Rd3 35. Qb4 Qc6 36. Rc1 Qd5 37. Rc5 Qxb3 38. Qxb3 Rxb3 39. g4 e3+ 40.
Kg3 Rb2 41. Nd4 Rg2+ 42. Kh4 Rd2 43. Nb3 e2 44. Re5 Rb2 45. Nd4 Ba6 46. Kg3 Rd2
47. Nf3 Rd1 48. Kf2 Rf1+ 49. Kg3 Bb7 0-1

[Event "IX Festival de Semana Santa.  Sub 2300"]
[Site "Mondariz Balneario, Pontevedra"]
[Date "2012.04.01"]
[Round "2.8"]
[White "Picazo Gonzalez, Alejandro"]
[Black "Pena Riasco, Alexander"]
[Result "0-1"]
[WhiteElo "1968"]
[BlackElo "2219"]
[PlyCount "87"]
[EventDate "2012.03.31"]

1. e4 d5 2. exd5 Qxd5 3. Nf3 Bg4 4. Be2 Nc6 5. O-O O-O-O 6. c4 Qd7 7. Nc3 Nf6
8. Qa4 Kb8 9. d3 Nd4 10. Nxd4 Qxa4 11. Nxa4 Rxd4 12. f3 Bf5 13. Be3 Rd8 14. d4
h5 15. Rfd1 Bc2 16. Nc3 Bxd1 17. Rxd1 e6 18. Bg5 Be7 19. Bf4 a6 20. a3 h4 21.
b4 Nh5 22. Be3 g5 23. b5 a5 24. Rb1 Nf4 25. Bf1 Bxa3 26. c5 f6 27. Bf2 Bb4 28.
Ne4 Nd5 29. Rb2 Rhg8 30. Bc4 f5 31. Nd2 b6 32. Bb3 bxc5 33. dxc5 Nf4 34. Nc4
Nd3 35. Rc2 Bxc5 36. Bxc5 Nxc5 37. Ba2 Rd1+ 38. Kf2 Rgd8 39. Ke2 Rg1 40. Kf2
Ra1 41. Re2 Nd3+ 42. Ke3 Nf4 43. Rb2 Re1+ 44. Kf2 0-1

[Event "IX Festival de Semana Santa.  Sub 2300"]
[Site "Mondariz Balneario, Pontevedra"]
[Date "2012.04.01"]
[Round "2.10"]
[White "Picazo Gonzalez, Ana"]
[Black "Uran Bermudez, Oliver Kevin"]
[Result "0-1"]
[WhiteElo "1728"]
[BlackElo "2157"]
[PlyCount "56"]
[EventDate "2012.03.31"]

1. d4 d5 2. Nf3 Nf6 3. e3 e6 4. Bd3 Bd6 5. b3 O-O 6. Bb2 Ne4 7. Nbd2 f5 8. O-O
Nd7 9. Ne5 Ndf6 10. f4 Bxe5 11. fxe5 Ng4 12. Qe2 Qg5 13. Rf3 Bd7 14. Bxe4 dxe4
15. Rg3 h5 16. c4 Qe7 17. a4 c5 18. Ba3 b6 19. h3 h4 20. Rxg4 fxg4 21. Qxg4 Bc6
22. a5 Rf5 23. Rb1 Rg5 24. Qe2 Rd8 25. Qf2 Rf5 26. Qe2 Qg5 27. Bb2 cxd4 28.
Bxd4 Rxd4 0-1

[Event "IX Festival de Semana Santa.  Sub 2300"]
[Site "Mondariz Balneario, Pontevedra"]
[Date "2012.04.01"]
[Round "2.12"]
[White "Arranz Fraile, Javier"]
[Black "Ruiz Abad, Juan Manuel"]
[Result "0-1"]
[WhiteElo "1669"]
[BlackElo "1980"]
[PlyCount "50"]
[EventDate "2012.03.31"]

1. e4 c5 2. Nf3 Nc6 3. d4 cxd4 4. Nxd4 g6 5. Nc3 Bg7 6. Be3 Nf6 7. Qd2 O-O 8.
f3 d5 9. exd5 Nxd5 10. Nxc6 bxc6 11. Nxd5 cxd5 12. c3 e5 13. Bc5 Re8 14. Rd1
Bb7 15. Bb5 Re6 16. O-O Qc7 17. Bf2 a6 18. Be2 Qc6 19. Be3 Rae8 20. Bh6 Qb6+
21. Rf2 Bh8 22. Kf1 Rd6 23. Qc2 Bf6 24. g3 Bd8 25. Be3 Qxe3 0-1

[Event "IX Festival de Semana Santa.  Sub 2300"]
[Site "Mondariz Balneario, Pontevedra"]
[Date "2012.04.01"]
[Round "2.13"]
[White "Lopez Heras, Arturo"]
[Black "Ballesteros Galvez, Daniel"]
[Result "1/2-1/2"]
[WhiteElo "1882"]
[BlackElo "1722"]
[PlyCount "64"]
[EventDate "2012.03.31"]

1. e4 e5 2. f4 exf4 3. Nf3 Ne7 4. Bc4 d5 5. exd5 Nxd5 6. O-O Be7 7. Qe2 Nc6 8.
Nc3 Be6 9. d4 O-O 10. Nxd5 Bxd5 11. c3 Re8 12. Bd3 Bd6 13. Qc2 h6 14. Bd2 Qf6
15. Rad1 a6 16. Bc1 b5 17. b3 g5 18. Qf2 b4 19. Bb2 bxc3 20. Bxc3 Re3 21. Ne5
Nxe5 22. Qxe3 fxe3 23. Rxf6 Ng4 24. Rxd6 cxd6 25. Re1 Nf2 26. Bf1 f5 27. Bb4
Ne4 28. Rxe3 a5 29. Be1 a4 30. Bd3 axb3 31. axb3 Ra2 32. Bf1 Rb2 1/2-1/2

[Event "IX Festival de Semana Santa.  Sub 2300"]
[Site "Mondariz Balneario, Pontevedra"]
[Date "2012.04.01"]
[Round "2.14"]
[White "Lago Carballo, Carmen"]
[Black "Escalante Ortega, Fernando"]
[Result "0-1"]
[WhiteElo "1453"]
[BlackElo "1873"]
[PlyCount "74"]
[EventDate "2012.03.31"]

1. e4 Nf6 2. Nc3 d5 3. e5 d4 4. exf6 dxc3 5. fxe7 cxd2+ 6. Bxd2 Bxe7 7. Qe2 O-O
8. O-O-O Be6 9. Be3 Nd7 10. g3 c6 11. Bh3 Bxh3 12. Nxh3 Qc8 13. Nf4 Re8 14. Qg4
Nf6 15. Qxc8 Raxc8 16. h4 a6 17. g4 Nxg4 18. Rd7 Nxe3 19. fxe3 Bc5 20. Ng2 b6
21. Re1 Re6 22. c3 a5 23. a3 a4 24. Kc2 Rce8 25. Re2 g6 26. Kd3 Kg7 27. e4 Rd6+
28. Rxd6 Bxd6 29. Re1 f6 30. Re2 h5 31. Re3 g5 32. hxg5 fxg5 33. Rf3 Kg6 34.
Rf5 h4 35. Rf3 Kh5 36. Ke3 Kg4 37. Rf5 h3 0-1

[Event "IX Festival de Semana Santa.  Sub 2300"]
[Site "Mondariz Balneario, Pontevedra"]
[Date "2012.04.01"]
[Round "2.15"]
[White "Fernandez Andrade, Antonio"]
[Black "Dominguez Certal, Dario"]
[Result "1-0"]
[WhiteElo "1844"]
[BlackElo "1520"]
[PlyCount "103"]
[EventDate "2012.03.31"]

1. c4 Nf6 2. g3 g6 3. Bg2 Bg7 4. Nc3 d6 5. Nf3 e5 6. d3 Nc6 7. O-O O-O 8. Bg5
h6 9. Bd2 Rb8 10. Rb1 b6 11. b4 Bb7 12. e4 Nd4 13. Nxd4 exd4 14. Ne2 c5 15. Qc1
Kh7 16. h3 Nd7 17. f4 f5 18. Kh2 Qe7 19. Qc2 Rfe8 20. Rbe1 fxe4 21. dxe4 Bxe4
22. Qa4 Bxg2 23. Kxg2 Qe4+ 24. Rf3 Qb7 25. Kf2 Nf6 26. Qc2 Ne4+ 27. Kg2 Nxd2
28. Qxd2 d5 29. f5 dxc4 30. fxg6+ Kh8 31. Ref1 Rf8 32. Nf4 Rbe8 33. R1f2 d3 34.
Kh2 cxb4 35. Qxb4 Qe4 36. Qd2 Qe1 37. Rxd3 Qxd2 38. Rdxd2 Rc8 39. Rd7 c3 40.
Rc2 Rfd8 41. Re7 Rd2+ 42. Re2 Rxc2 43. Rxc2 Rd8 44. Ng2 Rd2 45. Rc1 Kg8 46. h4
a5 47. a4 Ra2 48. Kh3 Kf8 49. Nf4 Rxa4 50. Ne6+ Kg8 51. Rd1 Kh8 52. Rd8+ 1-0

[Event "IX Festival de Semana Santa.  Sub 2300"]
[Site "Mondariz Balneario, Pontevedra"]
[Date "2012.04.01"]
[Round "2.17"]
[White "Blanco Dans, Manuel"]
[Black "Rodriguez Sanchez, Jacinto"]
[Result "1-0"]
[WhiteElo "1797"]
[BlackElo "1234"]
[PlyCount "45"]
[EventDate "2012.03.31"]

1. e4 e5 2. d4 Qh4 3. dxe5 Qxe4+ 4. Qe2 d5 5. Nc3 Bb4 6. Bd2 Qxc2 7. Nxd5 Qxb2
8. Rd1 Na6 9. Nxb4 Nxb4 10. Qb5+ Bd7 11. Qxb4 Qxe5+ 12. Be2 Ne7 13. Nf3 Qe6 14.
O-O O-O 15. Rfe1 Rae8 16. Bc3 Nc6 17. Qh4 Qxa2 18. Bd3 h6 19. Qg3 f6 20. Bd2 g5
21. Qxc7 Qb3 22. Qxd7 Rd8 23. Qh7# 1-0

[Event "IX Festival de Semana Santa.  Sub 2300"]
[Site "Mondariz Balneario, Pontevedra"]
[Date "2012.04.02"]
[Round "3.1"]
[White "Asensio Linan, Teodoro"]
[Black "Gomez Jurado, Luis Alberto"]
[Result "0-1"]
[WhiteElo "2169"]
[BlackElo "2266"]
[PlyCount "60"]
[EventDate "2012.03.31"]

1. e4 e6 2. d4 d5 3. Nc3 Bb4 4. e5 c5 5. a3 Bxc3+ 6. bxc3 Ne7 7. Qg4 O-O 8. Nf3
Nbc6 9. Bd3 f5 10. Qh3 h6 11. Bxh6 gxh6 12. Qxh6 Qe8 13. dxc5 Qg6 14. Qh4 Qg7
15. O-O-O Ng6 16. Qg3 Ngxe5 17. Nxe5 Qxg3 18. hxg3 Nxe5 19. Rh5 Bd7 20. Rdh1
Ng6 21. g4 Rf7 22. Rh6 Rg7 23. gxf5 exf5 24. c4 d4 25. g4 Rf8 26. f3 Ne5 27.
Rh8+ Kf7 28. gxf5 Rxh8 29. Rxh8 Rg1+ 30. Kb2 Rg2 0-1

[Event "IX Festival de Semana Santa.  Sub 2300"]
[Site "Mondariz Balneario, Pontevedra"]
[Date "2012.04.02"]
[Round "3.2"]
[White "Fernandez De Armas, Luis"]
[Black "Outerelo Ucha, Manuel"]
[Result "1/2-1/2"]
[WhiteElo "2006"]
[BlackElo "2197"]
[PlyCount "86"]
[EventDate "2012.03.31"]

1. c4 e5 2. g3 d6 3. Bg2 g6 4. Nc3 Bg7 5. e3 f5 6. Nge2 Nf6 7. O-O O-O 8. d4 e4
9. f3 exf3 10. Bxf3 c6 11. b4 a6 12. Rb1 Re8 13. Nf4 g5 14. Nh5 Nxh5 15. Bxh5
Rf8 16. Bf3 h6 17. Bg2 Nd7 18. Bh3 Nb6 19. Qd3 Be6 20. d5 cxd5 21. cxd5 Bd7 22.
Bb2 Rc8 23. Bxf5 Rxf5 24. Rxf5 Bxc3 25. Rf7 Kxf7 26. Qh7+ Ke8 27. Rf1 Bf5 28.
Rxf5 Qe7 29. Qg6+ Kd8 30. Bxc3 Qxe3+ 31. Kg2 Nd7 32. Bf6+ Kc7 33. Rf3 Qd2+ 34.
Kh3 Qxd5 35. Rc3+ Kb8 36. Rxc8+ Kxc8 37. Qe8+ Kc7 38. Qd8+ Kc6 39. Qc8+ Kb6 40.
Bd8+ Ka7 41. Qxd7 h5 42. Bc7 Qc4 43. Kg2 Qc2+ 1/2-1/2

[Event "IX Festival de Semana Santa.  Sub 2300"]
[Site "Mondariz Balneario, Pontevedra"]
[Date "2012.04.02"]
[Round "3.3"]
[White "Martin Duque, Jesus"]
[Black "Rodriguez Boado, Martin"]
[Result "0-1"]
[WhiteElo "2176"]
[BlackElo "2170"]
[PlyCount "120"]
[EventDate "2012.03.31"]

1. e4 Nf6 2. e5 Nd5 3. c4 Nb6 4. d4 d6 5. exd6 cxd6 6. Nc3 g6 7. Be3 Bg7 8. Rc1
O-O 9. b3 e5 10. dxe5 dxe5 11. Qxd8 Rxd8 12. c5 N6d7 13. Nf3 Nc6 14. Ne4 Nf6
15. Nd6 Ne8 16. Bg5 f6 17. Bc4+ Kf8 18. Be3 Nxd6 19. cxd6 Ke8 20. Bc5 Bf8 21.
Rd1 b6 22. Ba3 Na5 23. Bg8 Bg4 24. h3 Bd7 25. Bxh7 Kf7 26. Nh4 g5 27. Nf3 Bb5
28. Be4 Rac8 29. h4 g4 30. Nh2 Bd7 31. Nf1 Nc6 32. Ne3 Nd4 33. Bb7 Rc2 34. Rxd4
Rxa2 35. Rd1 Rxa3 36. Bd5+ Be6 37. h5 Bxd5 38. Nxd5 Bh6 39. Ne3 Rxb3 40. Nf5
Bg7 41. d7 Rc3 42. Rh4 Rc7 43. Rxg4 Bh8 44. Rg6 Rcxd7 45. Rxd7+ Rxd7 46. Rh6
Bg7 47. Rg6 Bf8 48. Rg3 Ke6 49. Rf3 e4 50. Rf4 Ke5 51. g3 Rh7 52. Ne3 Rxh5 53.
Ng4+ Kd4 54. Nxf6 Re5 55. Nd7 Bb4+ 56. Ke2 Re6 57. Nf6 Be7 58. Ng4 Bd6 59. Rf7
a5 60. Ne3 Bc5 {Resto de la partida ilegible.} 0-1